| 000 | 00802nam a2200253Ia 4500 | ||
|---|---|---|---|
| 003 | OSt | ||
| 005 | 20220927105316.0 | ||
| 006 | a|||||r|||| 00| 0 | ||
| 007 | ta | ||
| 008 | 220926b |||||||| |||| 00| 0 eng d | ||
| 020 | _a9290451793 | ||
| 024 | _a175944 | ||
| 037 | _cReference Collections | ||
| 040 |
_aRTL _cRTL _beng |
||
| 041 |
_2eng _aeng |
||
| 082 | _a"V5:19(ZR), P6/UN" | ||
| 110 |
_aUNITED NATIONS INSTITUTE FOR DISARMAMENT RESEARCH _9371588 |
||
| 245 | 0 |
_aSafeguarding space security _b Prevention of an arms race in outer space |
|
| 260 |
_aGeneva _bUnited Nations _c2006 |
||
| 300 |
_a"xxiii, 119p" _ccm. |
||
| 700 |
_aUNITED NATIONS INSTITUTE FOR DISARMAMENT RESEARCH _9371589 |
||
| 942 |
_h"V5:19(ZR), P6/UN" _cCC |
||
| 999 |
_c691735 _d691735 |
||